Пътища за подобряване качеството на продукцията (Запис номер 181659)
[ съкратено ]
| 000 -Лидер | |
|---|---|
| Контролно поле с фиксирана дължина | 01175nam a2200301 c 4500 |
| 003 - Код на организацията, давaща контролен номер | |
| Контролно поле | BLK |
| 005 - Дата и час на последна редакция | |
| Контролно поле | 20220209111044.0 |
| 008 - Елементи от данни с фиксирана дължина | |
| fixed length control field | 180411b bul|||||r ||||||| ||bul|| |
| 010 ## - Наследен системен номер | |
| LC control number | KNG00190565000 |
| 040 ## - Източник на каталожния запис | |
| Идентификатор на билиотеката - собственик на записа | BLK |
| 041 ## - Код за език | |
| Код за езика на текст/звукозапис или на отделно заглавие | Български |
| Код за езика КДБФ | Български |
| 080 ## - УДК | |
| Текстов определител УДК | Наборни методи - Монотип, линотип, фотонабор, ръчен набор и др. |
| УДК код - определител по УДК | 655.28 |
| УДК - код + определител | 655.28 |
| 100 1# - Редна дума - Автор | |
| Автор | Гостев, Вадим И. |
| Авторска отговорност | първи автор |
| R(LIN) | 342660 |
| 139 ## - Редно поле | |
| Редна дума | Гостев, Вадим И. |
| Авторски знак | Гос - Г 70 |
| 245 10 - Сведения за заглавието | |
| Заглавие | Пътища за подобряване качеството на продукцията |
| Редно поле (дума) | Вадим И. Гостев; прев. от рус. Иван Димитров Сестримски. |
| 257 ## - Страна на издаване | |
| Страна на създаване/издаване | СССР |
| 260 ## - Област на издателските данни | |
| Име на издателя, разпространителя и проч. | БКП |
| Година на издаване | 1950 |
| 300 ## - Физическа характеристика | |
| Страници | 56 с. |
| Размери/Мащаб | 18 см |
| 380 ## - Жанр | |
| Жанр | Техника |
| 500 ## - Общи забележки | |
| Забележка | 5 000 тир. |
| 650 #4 - Допълнително описание по предмет – тема | |
| Основно описание – тема или топоним | Качество на продукцията |
| 9 (RLIN) | 246731 |
| 700 1# - Други автори (авторска отговорност) | |
| Лично име | Сестримски, Иван Димитров |
| Автороска отговорност (Описва отношението между автора и произведението) | прев. от рус. |
| 9 (RLIN) | 364596 |
| 852 ## - Местоположение | |
| Форматна сигнатура | Цб І 1174 |
| Фондова буква | Основен фонд - ползва се само за читалня |
| 999 ## - СИСТЕМНИ КОНТРОЛНИ НОМЕРА | |
| Koha biblionumber | 181659 |
| Koha biblioitemnumber | 181659 |
| 942 ## - АРТИКУЛИ | |
| Вид на библиотечния материал | Книги |
| Скрит в OPAC | Не |
| Периодичен библиозапис | Да |
| 944 ## - СЪЗДАВАНЕ И РЕДАКЦИЯ на ЗАПИСА | |
| Създаване/Редакция | Създаване |
| Дата на регистрацията/редакция | 19.09.2016 |
| Служител, извършил регистрацията/редакцията | Кети_Илиева |
| 944 ## - СЪЗДАВАНЕ И РЕДАКЦИЯ на ЗАПИСА | |
| Създаване/Редакция | Редакция |
| Дата на регистрацията/редакция | 2022-02-09 |
| Служител, извършил регистрацията/редакцията | Кети |
| 999 ## - СИСТЕМНИ КОНТРОЛНИ НОМЕРА | |
| Koha biblioitemnumber | 181659 |
| Код за отписване | Код за изгубен артикул | Източник на класификационната схема | Код за повреда | Коз за рестрикции | Код за отдаване | Артикулен № | Име на библиотеката - собственик | Име на библиотеката, в която се намира в момента | Статус (Текущо местоположение) | Дата на вписване в системата | Местоположение - отдел | Цена в лева | Инвентарен номер | Систематично азбучна сигнатура | Баркод | Номер на екземпляра | Цена в евро | Служебна бележка | Служебен тип на артикула |
|---|---|---|---|---|---|---|---|---|---|---|---|---|---|---|---|---|---|---|---|
| Не е изгубен | Universal Decimal Classification | Не е повреден | само за читалня | ползва се в читалня | 311168 | Регионална библиотека "Любен Каравелов" Русе | Регионална библиотека "Любен Каравелов" Русе | Основен фонд - ползва се само за читалня | 1950-01-01 | Основен фонд - ползва се само за читалня | 0.09 | 4519/57 | Цб І 1174 | 900000025072 | 1 | 0.05 | Вид: Сф Дата: 01.01.1950 | Книги |